The annotated Mother Goose, nursery rhymes old and new, arr. and explained by William S. Baring-Gould & Ceil Baring-Gould. (Record no. 1164)
[ view plain ]
| 000 -LEADER | |
|---|---|
| fixed length control field | 00723nam a22002291 4500 |
| 005 - DATE AND TIME OF LATEST TRANSACTION | |
| control field | 20260322212049.0 |
| 008 - FIXED-LENGTH DATA ELEMENTS--GENERAL INFORMATION | |
| fixed length control field | data |
| 010 ## - LIBRARY OF CONGRESS CONTROL NUMBER | |
| LC control number | 62021606 |
| 040 ## - CATALOGING SOURCE | |
| Original cataloging agency | DLC |
| Transcribing agency | DLC |
| Modifying agency | DLC |
| 050 00 - LIBRARY OF CONGRESS CALL NUMBER | |
| Classification number | PZ8.3.M85 |
| Item number | Bar |
| 082 00 - DEWEY DECIMAL CLASSIFICATION NUMBER | |
| Classification number | 398.8 |
| 092 ## - LOCALLY ASSIGNED DEWEY CALL NUMBER (OCLC) | |
| Classification number | 398.8 B32 1962 |
| 001 - CONTROL NUMBER | |
| control field | data |
| 130 ## - MAIN ENTRY--UNIFORM TITLE | |
| Uniform title | Mother Goose. |
| 245 14 - TITLE STATEMENT | |
| Title | The annotated Mother Goose, nursery rhymes old and new, arr. and explained by William S. Baring-Gould & Ceil Baring-Gould. |
| Statement of responsibility, etc. | William Stuart Baring-Gould & Ceil Baring-Gould. |
| 250 ## - EDITION STATEMENT | |
| Edition statement | [1st ed.] |
| 260 ## - PUBLICATION, DISTRIBUTION, ETC. | |
| Place of publication, distribution, etc. | New York, |
| Name of publisher, distributor, etc. | C. N. Potter |
| Date of publication, distribution, etc. | [c1962] |
| 300 ## - PHYSICAL DESCRIPTION | |
| Extent | 350 p. |
| Other physical details | illus. |
| Dimensions | 28 cm. |
| 504 ## - BIBLIOGRAPHY, ETC. NOTE | |
| Bibliography, etc. note | Bibliography: p. 333-340. |
| 700 1# - ADDED ENTRY--PERSONAL NAME | |
| Personal name | Baring-Gould, William Stuart, |
| Dates associated with a name | 1913- |
| 700 1# - ADDED ENTRY--PERSONAL NAME | |
| Personal name | Baring-Gould, Ceil. |
| Withdrawn status | Lost status | Damaged status | Not for loan | Home library | Current library | Shelving location | Date acquired | Total checkouts | Full call number | Barcode | Date last seen | Price effective from | Koha item type |
|---|---|---|---|---|---|---|---|---|---|---|---|---|---|
| Fairfield | Fairfield | General stacks | 22/03/2026 | 398.8 | BC0011202 | 22/03/2026 | 22/03/2026 | Books |